=LDR 00000nam 2200000 4500 =001 INLIS000000000047668 =005 20200326094043 =035 ##$$a 0010-021600000000056 =008 200326################g##########0#ind## =020 ##$$a 979.9140.97-7 =040 ##$$a NBPDMAT =082 ##$$a 297.273 =090 ##$$a 297.273 $bSai e =100 #$$a Said Sa'ad Marthen =245 1#$$a Ekonomi islam di tengah krisis ekonomi glogal /$c Said Sa'ad Marthon; editor Luthfi Yansyah =250 ##$$a Cet. 3 =260 ##$$a Jakarta :$b Zikrul Hakim,$c 2007 =300 ##$$a 168 hlm. ; $c 15 x 23 cm =500 ##$$a Bibliografi hlm : 163 - 168 =650 #4$$a Ekonomi Islam =850 ##$$a NBPDMAT =084 ##$$a 297.273 SAI e =990 ##$$a 51500632